[Event "Guelph op"]
[Site "Guelph CAN"]
[Date "2005.07.29"]
[Round "3"]
[White "Aronov, Yuri"]
[Black "Buscar, Michael"]
[Result "0-1"]
[WhiteElo "2220"]
[BlackElo "2101"]
[PlyCount "106"]
[GameId "2160767910900891"]
[EventDate "2005.07.28"]
[EventType "swiss"]
[EventRounds "9"]
[EventCountry "CAN"]
[SourceTitle "CBM 107 Extra"]
[Source "ChessBase"]
[SourceDate "2005.09.01"]
[SourceVersion "1"]
[SourceVersionDate "2005.09.01"]
[SourceQuality "1"]

1. d4 d5 2. Nf3 Nf6 3. c4 e6 4. Nc3 c5 5. cxd5 exd5 6. g3 Nc6 7. Bg2 Be7 8. O-O O-O 9. Bg5 c4 10. Ne5 Be6 11. Nxc6 bxc6 12. b3 Qa5 13. Na4 Rac8 14. Qc2 Rfd8 15. e3 Rc7 16. Bf4 Rcc8 17. Bg5 Rc7 18. Bxf6 gxf6 19. bxc4 dxc4 20. Nc3 Rb8 21. Rab1 Rb6 22. e4 Bb4 23. Ne2 Rd7 24. Rfd1 c3 25. d5 cxd5 26. exd5 Bxd5 27. Nf4 Qxa2 28. Qf5 Be6 29. Nxe6 Qxe6 30. Qc2 Rd2 31. Rxd2 cxd2 32. Bf3 a5 33. Rd1 Rb8 34. Kg2 Rc8 35. Qa4 Rd8 36. Qb5 Qe5 37. Qc6 Qd4 38. Qb5 Bc5 39. Rxd2 Qxd2 40. Qxc5 a4 41. h4 Qd6 42. Qf5 a3 43. Qg4+ Kf8 44. Qa4 Rb8 45. h5 h6 46. Qa7 Rb2 47. Qe3 Kg7 48. Qc3 Qb4 49. Qc7 Qb6 50. Qf4 Qxf2+ 51. Kh3 Qh2+ 52. Kg4 Rb5 53. Bd5 Rxd5 0-1

[Event "Guelph op"]
[Site "Guelph CAN"]
[Date "2005.07.29"]
[Round "3"]
[White "Dougherty, Michael"]
[Black "Henry, Liam"]
[Result "1/2-1/2"]
[WhiteElo "2233"]
[BlackElo "2115"]
[PlyCount "70"]
[GameId "2160767910900893"]
[EventDate "2005.07.28"]
[EventType "swiss"]
[EventRounds "9"]
[EventCountry "CAN"]
[SourceTitle "CBM 107 Extra"]
[Source "ChessBase"]
[SourceDate "2005.09.01"]
[SourceVersion "1"]
[SourceVersionDate "2005.09.01"]
[SourceQuality "1"]

1. d4 Nf6 2. Nf3 g6 3. c4 Bg7 4. Nc3 O-O 5. e4 d6 6. Be2 e5 7. d5 a5 8. Bg5 h6 9. Bh4 Na6 10. Nd2 Qe8 11. O-O Bd7 12. b3 h5 13. a3 Nh7 14. f3 Bh6 15. Rb1 Be3+ 16. Bf2 Bc5 17. Qc1 Qe7 18. Na2 f5 19. b4 Bxf2+ 20. Rxf2 f4 21. c5 axb4 22. Bxa6 bxa3 23. cxd6 cxd6 24. Nb4 Rfc8 25. Nc6 Qe8 26. Rb6 g5 27. h3 g4 28. hxg4 hxg4 29. fxg4 Nf6 30. g5 Ng4 31. Rf3 Qh5 32. Rh3 Qxg5 33. Nf3 Qd8 34. Rxb7 Ra7 35. Rxa7 Qb6+ 1/2-1/2

[Event "Guelph op"]
[Site "Guelph CAN"]
[Date "2005.07.29"]
[Round "3"]
[White "Ganguly, Surya Shekhar"]
[Black "Cazelais, Marc"]
[Result "1-0"]
[WhiteElo "2596"]
[BlackElo "2203"]
[PlyCount "67"]
[GameId "2160767910900894"]
[EventDate "2005.07.28"]
[EventType "swiss"]
[EventRounds "9"]
[EventCountry "CAN"]
[SourceTitle "CBM 107 Extra"]
[Source "ChessBase"]
[SourceDate "2005.09.01"]
[SourceVersion "1"]
[SourceVersionDate "2005.09.01"]
[SourceQuality "1"]

1. e4 c5 2. Nf3 Nc6 3. d4 cxd4 4. Nxd4 Nf6 5. Nc3 e5 6. Ndb5 d6 7. Bg5 a6 8. Na3 b5 9. Nd5 Qa5+ 10. Bd2 Qd8 11. Bd3 Nxd5 12. exd5 Ne7 13. c4 g6 14. cxb5 Bg7 15. O-O O-O 16. Bb4 Bb7 17. bxa6 Bxd5 18. Bc4 Qb6 19. Bb5 e4 20. Qd2 Rfc8 21. Rfd1 Be5 22. Rac1 Bxa2 23. Bc4 Bxc4 24. Nxc4 Qb5 25. Nxe5 Qxe5 26. Bxd6 Qe6 27. Rxc8+ Nxc8 28. Bc5 Ne7 29. Qd8+ Rxd8 30. Rxd8+ Kg7 31. a7 Qc4 32. Bd4+ f6 33. g3 Qe2 34. Be3 1-0

[Event "Guelph op"]
[Site "Guelph CAN"]
[Date "2005.07.29"]
[Round "3"]
[White "Kulic, Sasa"]
[Black "Predescu, Sebastian"]
[Result "1-0"]
[WhiteElo "2133"]
[BlackElo "2235"]
[PlyCount "85"]
[GameId "2160767910900895"]
[EventDate "2005.07.28"]
[EventType "swiss"]
[EventRounds "9"]
[EventCountry "CAN"]
[SourceTitle "CBM 107 Extra"]
[Source "ChessBase"]
[SourceDate "2005.09.01"]
[SourceVersion "1"]
[SourceVersionDate "2005.09.01"]
[SourceQuality "1"]

1. e4 c5 2. Nf3 d6 3. d4 cxd4 4. Nxd4 Nf6 5. Nc3 a6 6. Be2 e5 7. Nb3 Be7 8. Bg5 Be6 9. Bxf6 Bxf6 10. Qd3 Nc6 11. O-O-O Nd4 12. Nxd4 exd4 13. Nd5 Bxd5 14. exd5 O-O 15. Qf3 Re8 16. Bd3 Re5 17. Kb1 Qa5 18. g4 Rae8 19. h4 Qxd5 20. Qxd5 Rxd5 21. g5 Bd8 22. f4 b5 23. b4 Kf8 24. Rde1 f5 25. Rxe8+ Kxe8 26. Re1+ Kf7 27. Kc1 a5 28. a3 Bb6 29. Kd2 Kf8 30. Rb1 Ke7 31. Bf1 d3 32. c3 axb4 33. axb4 Bf2 34. Bg2 Ke6 35. Bxd5+ Kxd5 36. Kxd3 Bxh4 37. Rh1 Bg3 38. Ke3 h6 39. Kf3 hxg5 40. Kxg3 gxf4+ 41. Kxf4 Kc4 42. Rh3 g6 43. Kg5 1-0

[Event "Guelph op"]
[Site "Guelph CAN"]
[Date "2005.07.29"]
[Round "3"]
[White "Matveeva, Svetlana"]
[Black "Kunte, Abhijit"]
[Result "0-1"]
[WhiteElo "2419"]
[BlackElo "2561"]
[PlyCount "60"]
[GameId "2160767910900896"]
[EventDate "2005.07.28"]
[EventType "swiss"]
[EventRounds "9"]
[EventCountry "CAN"]
[SourceTitle "CBM 107 Extra"]
[Source "ChessBase"]
[SourceDate "2005.09.01"]
[SourceVersion "1"]
[SourceVersionDate "2005.09.01"]
[SourceQuality "1"]

1. d4 Nf6 2. c4 e6 3. Nc3 Bb4 4. Qc2 O-O 5. a3 Bxc3+ 6. Qxc3 d6 7. Nf3 b6 8. e3 Bb7 9. Be2 Nbd7 10. O-O Ne4 11. Qc2 f5 12. b4 a5 13. Bb2 Ng5 14. Nd2 f4 15. exf4 Rxf4 16. f3 Qf6 17. Qc3 Rf8 18. bxa5 Qh6 19. Rfe1 Nf6 20. axb6 Ng4 21. Nf1 Bxf3 22. Bxf3 Nxf3+ 23. gxf3 Rxf3 24. Qc2 Nf2 25. Bc1 Nh3+ 26. Kg2 Rf2+ 27. Qxf2 Rxf2+ 28. Kg3 Qg6+ 29. Kxh3 Qg2+ 30. Kh4 Rf3 0-1

[Event "Guelph op"]
[Site "Guelph CAN"]
[Date "2005.07.29"]
[Round "3"]
[White "Ochkoos, Jura"]
[Black "Patterson, Roger"]
[Result "1-0"]
[WhiteElo "2275"]
[BlackElo "2179"]
[PlyCount "101"]
[GameId "2160767910900898"]
[EventDate "2005.07.28"]
[EventType "swiss"]
[EventRounds "9"]
[EventCountry "CAN"]
[SourceTitle "CBM 107 Extra"]
[Source "ChessBase"]
[SourceDate "2005.09.01"]
[SourceVersion "1"]
[SourceVersionDate "2005.09.01"]
[SourceQuality "1"]

1. e4 c5 2. Nf3 d6 3. d4 cxd4 4. Nxd4 Nf6 5. Nc3 e6 6. g4 h6 7. Bg2 a6 8. h3 Nc6 9. Be3 Qc7 10. Qe2 Nxd4 11. Bxd4 e5 12. Be3 Be6 13. O-O-O Rc8 14. Nd5 Bxd5 15. exd5 Nd7 16. Kb1 Be7 17. h4 Qc4 18. Bf3 Qxe2 19. Bxe2 Bd8 20. f3 Bb6 21. Bc1 Ke7 22. Bd3 Rcf8 23. c3 h5 24. Rdf1 Ke8 25. g5 Ke7 26. Bf5 Rd8 27. Rh2 Nf8 28. b4 Ng6 29. Re1 Rhe8 30. Kc2 Kf8 31. Kb3 Nf4 32. Be4 Re7 33. Rc2 Rc7 34. c4 Bd4 35. Rd1 Ng6 36. Rh1 Ne7 37. Bd2 Ng6 38. Bc1 b6 39. Ba3 Ke7 40. Bc1 Rdc8 41. Bf5 Rb8 42. a3 Kf8 43. Bd3 a5 44. Be4 Ra8 45. Rd1 axb4 46. axb4 Rca7 47. f4 Ra1 48. fxe5 Bxe5 49. Rh1 R8a3+ 50. Bxa3 Rxh1 51. Bxh1 1-0

[Event "Guelph op"]
[Site "Guelph CAN"]
[Date "2005.07.29"]
[Round "3"]
[White "Peng, David Yu"]
[Black "Plotkin, Victor"]
[Result "1-0"]
[WhiteElo "2136"]
[BlackElo "2192"]
[PlyCount "120"]
[GameId "2160767910900900"]
[EventDate "2005.07.28"]
[EventType "swiss"]
[EventRounds "9"]
[EventCountry "CAN"]
[SourceTitle "CBM 107 Extra"]
[Source "ChessBase"]
[SourceDate "2005.09.01"]
[SourceVersion "1"]
[SourceVersionDate "2005.09.01"]
[SourceQuality "1"]

1. d4 d5 2. c4 dxc4 3. e3 Nf6 4. Bxc4 e6 5. Nf3 a6 6. O-O c5 7. Qe2 Nc6 8. Rd1 Qc7 9. Nc3 Be7 10. dxc5 Bxc5 11. a3 O-O 12. b4 Bd6 13. Bb2 Ne5 14. Nxe5 Bxe5 15. h3 b5 16. Bb3 Bb7 17. Rac1 Qe7 18. Nb1 Bxb2 19. Qxb2 Rfd8 20. Nd2 h6 21. Bc2 Rd5 22. e4 Rd7 23. e5 Nd5 24. Qd4 Rad8 25. Qd3 g6 26. Ne4 Kg7 27. Qg3 g5 28. h4 Nf4 29. Re1 Bxe4 30. Rxe4 Rd4 31. Rce1 f5 32. exf6+ Qxf6 33. Re5 R8d5 34. R5e3 Kh8 35. Rc3 gxh4 36. Rc8+ Rd8 37. Qc3 Rxc8 38. Qxc8+ Rd8 39. Qc7 Kg8 40. Re4 Rd4 41. Qb8+ Qf8 42. Qa7 Rd2 43. Qc7 Nh3+ 44. Kh2 Ng5 45. Rxe6 Qf7 46. Qb8+ Kg7 47. Qe5+ Kf8 48. Qh8+ Qg8 49. Re8+ Kxe8 50. Qxg8+ Ke7 51. Qg7+ Nf7 52. Bg6 Rxf2 53. Bxf7 Rxf7 54. Qxh6 Rf6 55. Qxh4 Ke6 56. Qe4+ Kd6 57. Qd4+ Ke6 58. Qxf6+ Kxf6 59. g4 Ke5 60. Kg3 Kd5 1-0

[Event "Guelph op"]
[Site "Guelph CAN"]
[Date "2005.07.29"]
[Round "3"]
[White "Shipov, Sergei"]
[Black "Mikanovic, Goran"]
[Result "1-0"]
[WhiteElo "2582"]
[BlackElo "2282"]
[PlyCount "123"]
[GameId "2160767910900902"]
[EventDate "2005.07.28"]
[EventType "swiss"]
[EventRounds "9"]
[EventCountry "CAN"]
[SourceTitle "CBM 107 Extra"]
[Source "ChessBase"]
[SourceDate "2005.09.01"]
[SourceVersion "1"]
[SourceVersionDate "2005.09.01"]
[SourceQuality "1"]

1. d4 Nf6 2. c4 e6 3. Nc3 Bb4 4. Qc2 O-O 5. a3 Bxc3+ 6. Qxc3 b6 7. Nf3 Bb7 8. e3 d6 9. Be2 Nbd7 10. O-O Qe7 11. b4 c5 12. Bb2 Rfc8 13. Rfd1 Rc7 14. Nd2 Rac8 15. Qb3 Ba8 16. dxc5 dxc5 17. b5 Ne8 18. a4 a5 19. bxa6 Ra7 20. Nb1 Rxa6 21. f3 Bc6 22. Nc3 Nf8 23. Nb5 Rd8 24. Rxd8 Qxd8 25. Qc3 f6 26. Bd3 Ra8 27. Bc2 Qe7 28. a5 bxa5 29. Rxa5 Qb7 30. Kf2 Rxa5 31. Qxa5 Nd6 32. Bd3 Bxb5 33. cxb5 c4 34. Be2 Qxb5 35. Qxb5 Nxb5 36. Bxc4 Nd6 37. Bb3 Nb5 38. Ba4 Nc7 39. Ba3 Kf7 40. Bb3 Ng6 41. g3 Ne7 42. e4 Nb5 43. Bc5 h5 44. Ke3 g5 45. Bc4 Nc7 46. Ba3 Ne8 47. Bb2 Ng7 48. Kd4 Ng6 49. Kc5 h4 50. Kd6 hxg3 51. hxg3 Ne8+ 52. Kd7 Nf8+ 53. Kd8 Ng7 54. Ba3 Ng6 55. Bd6 f5 56. e5 f4 57. g4 Nh4 58. Be2 Ng6 59. Kd7 Ne8 60. Bd3 Nh4 61. Be4 Ng7 62. Be7 1-0

[Event "Guelph op"]
[Site "Guelph CAN"]
[Date "2005.07.29"]
[Round "3"]
[White "Urquhart, Eddie"]
[Black "Filipovich, David"]
[Result "1/2-1/2"]
[WhiteElo "2166"]
[BlackElo "2218"]
[PlyCount "46"]
[GameId "2160767910900905"]
[EventDate "2005.07.28"]
[EventType "swiss"]
[EventRounds "9"]
[EventCountry "CAN"]
[SourceTitle "CBM 107 Extra"]
[Source "ChessBase"]
[SourceDate "2005.09.01"]
[SourceVersion "1"]
[SourceVersionDate "2005.09.01"]
[SourceQuality "1"]

1. e4 c6 2. d4 d5 3. exd5 cxd5 4. c4 Nf6 5. Nc3 Nc6 6. Bg5 Be6 7. Nf3 Ne4 8. Nxe4 dxe4 9. d5 exf3 10. dxe6 Qa5+ 11. Bd2 Qe5+ 12. Be3 Qxe6 13. Qxf3 Rd8 14. Be2 g6 15. O-O Bg7 16. Rad1 O-O 17. b3 Nd4 18. Bxd4 Bxd4 19. Bd3 b6 20. Be4 Qd6 21. Bd5 e5 22. Kh1 Kg7 23. Qh3 Qf6 1/2-1/2

[Event "Guelph op"]
[Site "Guelph CAN"]
[Date "2005.07.29"]
[Round "4"]
[White "Buscar, Michael"]
[Black "Divljan, Igor"]
[Result "1/2-1/2"]
[WhiteElo "2101"]
[BlackElo "2313"]
[PlyCount "221"]
[GameId "2160767910900908"]
[EventDate "2005.07.28"]
[EventType "swiss"]
[EventRounds "9"]
[EventCountry "CAN"]
[SourceTitle "CBM 107 Extra"]
[Source "ChessBase"]
[SourceDate "2005.09.01"]
[SourceVersion "1"]
[SourceVersionDate "2005.09.01"]
[SourceQuality "1"]

1. d4 Nf6 2. c4 e6 3. Nc3 Bb4 4. e3 O-O 5. Bd3 d5 6. Nf3 c5 7. O-O dxc4 8. Bxc4 Nbd7 9. Qe2 b6 10. Rd1 cxd4 11. exd4 Bb7 12. Bg5 Bxc3 13. bxc3 Qc7 14. Nd2 Rac8 15. Rac1 Rfe8 16. Bb5 Bc6 17. Bxc6 Qxc6 18. Nf3 Ne4 19. c4 Nxg5 20. Nxg5 Nf6 21. Qb2 Red8 22. Nf3 Rc7 23. Rc2 Qd6 24. Rdc1 Rdc8 25. h3 h6 26. Qb3 Nd7 27. Qb2 Qf4 28. Qa3 Qf5 29. Qd6 Nf6 30. Qa3 Nd5 31. Qb3 Nf4 32. Ne1 Kh7 33. Qf3 Rd8 34. Rd2 Qg5 35. Rcc2 Rdc8 36. g3 Ng6 37. Rd1 Kg8 38. Ng2 Qa5 39. Ne3 Qa4 40. Rcd2 Rd7 41. Qe4 Rcd8 42. Kg2 Ne7 43. Qg4 b5 44. d5 bxc4 45. d6 Nf5 46. Nxc4 Qc6+ 47. Kh2 Qc5 48. Qe4 a6 49. Rc2 Qb4 50. Qc6 Qb5 51. Qxb5 axb5 52. Na3 Rxd6 53. Rxd6 Nxd6 54. Rd2 Ra8 55. Rxd6 Rxa3 56. Rd2 Rc3 57. h4 h5 58. Rb2 Rc5 59. Kg2 Kf8 60. Rb4 Ke7 61. a4 bxa4 62. Rxa4 Kf6 63. Ra7 Rc6 64. Rb7 Ra6 65. Rc7 Rd6 66. Ra7 e5 67. Kf3 Rc6 68. Rb7 Ra6 69. Rc7 Ra3+ 70. Kg2 g6 71. Rb7 Ra6 72. Rc7 Re6 73. Ra7 Re7 74. Ra4 Re6 75. Ra7 Re7 76. Ra6+ Kf5 77. Ra5 Ke4 78. Ra4+ Kf5 79. Ra5 Rd7 80. Rb5 Rd3 81. Ra5 Rc3 82. Rb5 Rd3 83. Ra5 f6 84. Rb5 Kg4 85. Rb6 Kf5 86. Rb5 Ra3 87. Rc5 Ra6 88. Rb5 Re6 89. Ra5 Kg4 90. Ra4+ e4 91. Ra5 Re5 92. Ra4 Kf5 93. Ra3 Rd5 94. Rb3 Ke5 95. Rb8 Rd3 96. Rb5+ Rd5 97. Rb8 Kf5 98. Rb3 g5 99. hxg5 fxg5 100. Rb8 Re5 101. Rf8+ Kg4 102. Rf7 Re6 103. Rf8 Ra6 104. Re8 Ra4 105. Re7 Rb4 106. Re8 Kf5 107. Rf8+ Kg4 108. Re8 h4 109. gxh4 Kxh4 110. Rh8+ Kg4 111. Re8 1/2-1/2

[Event "Guelph op"]
[Site "Guelph CAN"]
[Date "2005.07.29"]
[Round "4"]
[White "Cazelais, Marc"]
[Black "Kret, Ted"]
[Result "1/2-1/2"]
[WhiteElo "2203"]
[BlackElo "2151"]
[PlyCount "75"]
[GameId "2160767910900909"]
[EventDate "2005.07.28"]
[EventType "swiss"]
[EventRounds "9"]
[EventCountry "CAN"]
[SourceTitle "CBM 107 Extra"]
[Source "ChessBase"]
[SourceDate "2005.09.01"]
[SourceVersion "1"]
[SourceVersionDate "2005.09.01"]
[SourceQuality "1"]

1. e4 e6 2. d4 d5 3. Nc3 Nf6 4. Bg5 Be7 5. Bxf6 Bxf6 6. e5 Be7 7. Qg4 Bf8 8. Nf3 Bd7 9. Bd3 a6 10. h4 h6 11. h5 c5 12. dxc5 Qc7 13. O-O Qxc5 14. a3 Qc7 15. Rfe1 Nc6 16. Rad1 O-O-O 17. Nb1 f5 18. exf6 gxf6 19. c4 f5 20. Qh3 dxc4 21. Bxc4 Bc5 22. Rxd7 Rxd7 23. Bxe6 Kb8 24. Bxd7 Qxd7 25. Nc3 Rg8 26. Ne5 Qd2 27. Nxc6+ bxc6 28. Rf1 Rg4 29. Qf3 Rf4 30. Qg3 Ka7 31. Ne2 Bxf2+ 32. Rxf2 Qe1+ 33. Kh2 Rxf2 34. Qc7+ Ka8 35. Qc8+ Ka7 36. Qc7+ Ka8 37. Qxc6+ Ka7 38. Qc7+ 1/2-1/2

[Event "Guelph op"]
[Site "Guelph CAN"]
[Date "2005.07.29"]
[Round "4"]
[White "Haessel, Dale"]
[Black "Urquhart, Eddie"]
[Result "0-1"]
[WhiteElo "2226"]
[BlackElo "2166"]
[PlyCount "116"]
[GameId "2160767910900911"]
[EventDate "2005.07.28"]
[EventType "swiss"]
[EventRounds "9"]
[EventCountry "CAN"]
[SourceTitle "CBM 107 Extra"]
[Source "ChessBase"]
[SourceDate "2005.09.01"]
[SourceVersion "1"]
[SourceVersionDate "2005.09.01"]
[SourceQuality "1"]

1. c4 e5 2. g3 d6 3. Bg2 Be7 4. Nc3 f5 5. d4 e4 6. f3 exf3 7. Nxf3 Nf6 8. O-O O-O 9. Qc2 c6 10. Bg5 Na6 11. Rae1 Be6 12. Nh4 g6 13. Bh6 Rf7 14. d5 cxd5 15. cxd5 Bd7 16. Nf3 Ng4 17. Bc1 Qb6+ 18. e3 Bf6 19. h3 Ne5 20. Kh2 Nc5 21. Rd1 Rc8 22. Qe2 Re8 23. Nd4 Bg7 24. Qc2 Rfe7 25. e4 Nxe4 26. Nxe4 fxe4 27. Bg5 Rf7 28. Rxf7 Nxf7 29. Be3 Qd8 30. Qb3 Ng5 31. Bf4 Bc8 32. Qb4 Be5 33. Qd2 Bxd4 34. Bxg5 Bf6 35. Bf4 g5 36. Be3 Bf5 37. Bxa7 b6 38. Qf2 Bg6 39. Bxb6 Qe7 40. Be3 h5 41. Re1 Rf8 42. Qd2 Qe5 43. Bf2 h4 44. b4 Qe7 45. Qe3 Be5 46. Re2 Rxf2 47. Rxf2 hxg3+ 48. Kh1 gxf2 49. Qxf2 Bf4 50. b5 e3 51. Qe2 Qe5 52. b6 Qa1+ 53. Bf1 Be4+ 54. Kg1 Bxd5 55. Qb5 Qe5 56. Be2 Bh2+ 57. Kf1 Qa1+ 58. Bd1 Qxd1# 0-1

[Event "Guelph op"]
[Site "Guelph CAN"]
[Date "2005.07.29"]
[Round "4"]
[White "Kogan, Artur"]
[Black "Peng, David Yu"]
[Result "1-0"]
[WhiteElo "2580"]
[BlackElo "2136"]
[PlyCount "65"]
[GameId "2160767910900915"]
[EventDate "2005.07.28"]
[EventType "swiss"]
[EventRounds "9"]
[EventCountry "CAN"]
[SourceTitle "CBM 107 Extra"]
[Source "ChessBase"]
[SourceDate "2005.09.01"]
[SourceVersion "1"]
[SourceVersionDate "2005.09.01"]
[SourceQuality "1"]

1. e4 c5 2. Nf3 e6 3. d4 cxd4 4. Nxd4 Nc6 5. Nc3 Qc7 6. f4 Nxd4 7. Qxd4 a6 8. Be2 Ne7 9. Bf3 Nc6 10. Qf2 b5 11. Be3 Bb7 12. O-O Na5 13. Bb6 Qc8 14. Kh1 Nc4 15. Bd4 d6 16. b3 Na5 17. Nd5 Rb8 18. Bg4 Nc6 19. Bb6 Be7 20. Nc7+ Kf8 21. f5 Ne5 22. fxe6 f6 23. Bh3 Bxe4 24. Rae1 Qb7 25. Ba5 Bd8 26. Nxa6 Bxa5 27. Nxb8 Bxe1 28. Rxe1 Bxg2+ 29. Bxg2 Qxb8 30. Rxe5 dxe5 31. Qc5+ Kg8 32. Qe7 Qf8 33. Qd7 1-0

[Event "Guelph op"]
[Site "Guelph CAN"]
[Date "2005.07.29"]
[Round "4"]
[White "Kulic, Sasa"]
[Black "Stevens, Christian"]
[Result "0-1"]
[WhiteElo "2133"]
[BlackElo "2319"]
[PlyCount "72"]
[GameId "2160767910900917"]
[EventDate "2005.07.28"]
[EventType "swiss"]
[EventRounds "9"]
[EventCountry "CAN"]
[SourceTitle "CBM 107 Extra"]
[Source "ChessBase"]
[SourceDate "2005.09.01"]
[SourceVersion "1"]
[SourceVersionDate "2005.09.01"]
[SourceQuality "1"]

1. e4 c5 2. Nf3 e6 3. d4 cxd4 4. Nxd4 a6 5. Be2 Nf6 6. Nc3 Qc7 7. O-O Nc6 8. Kh1 Nxd4 9. Qxd4 Bc5 10. Qd3 b5 11. Bf3 Rb8 12. Be3 Bxe3 13. Qxe3 d6 14. Rad1 O-O 15. Qd2 Rb6 16. a4 b4 17. Ne2 a5 18. Nd4 Bd7 19. Ra1 Rc8 20. Rfc1 e5 21. Ne2 d5 22. Ng3 d4 23. Be2 Rc6 24. Bd3 b3 25. Ne2 bxc2 26. f4 Ng4 27. fxe5 Qxe5 28. Qf4 Qxf4 29. Nxf4 Rf6 30. Nh3 Ne5 31. Rxc2 Nxd3 32. Rd2 Nc5 33. e5 Rf5 34. Re1 d3 35. g4 Rf3 36. Ng5 Rf4 0-1

[Event "Guelph op"]
[Site "Guelph CAN"]
[Date "2005.07.29"]
[Round "4"]
[White "Mikanovic, Goran"]
[Black "Dougherty, Michael"]
[Result "0-1"]
[WhiteElo "2282"]
[BlackElo "2233"]
[PlyCount "144"]
[GameId "2160767910900919"]
[EventDate "2005.07.28"]
[EventType "swiss"]
[EventRounds "9"]
[EventCountry "CAN"]
[SourceTitle "CBM 107 Extra"]
[Source "ChessBase"]
[SourceDate "2005.09.01"]
[SourceVersion "1"]
[SourceVersionDate "2005.09.01"]
[SourceQuality "1"]

1. d4 g6 2. c4 Bg7 3. Nf3 c5 4. d5 d6 5. Nc3 Nf6 6. h3 O-O 7. e4 e6 8. Bd3 a6 9. a4 exd5 10. cxd5 Nbd7 11. O-O Nh5 12. Bg5 Bf6 13. Be3 Ng7 14. Bf4 Qe7 15. Re1 Ne5 16. Be2 Rb8 17. a5 g5 18. Bxe5 Bxe5 19. Nxe5 Qxe5 20. Bg4 b5 21. axb6 Rxb6 22. Ra2 Rb4 23. Bxc8 Rxc8 24. Qa1 Nh5 25. Rxa6 Nf4 26. Re3 Rcb8 27. Ra2 Qd4 28. Qc1 h6 29. Qc2 Qe5 30. Nd1 Rd4 31. Ra4 f5 32. Nc3 Rf8 33. exf5 Qxf5 34. Qxf5 Rxf5 35. Ra8+ Rf8 36. Ra7 Rf7 37. Ra8+ Kg7 38. Re1 Nxd5 39. Nxd5 Rxd5 40. Re2 Rd4 41. f3 Kf6 42. Rae8 Rb7 43. R8e6+ Kg7 44. Kf2 d5 45. Rc6 c4 46. g3 Rd3 47. Kg2 Rdb3 48. f4 gxf4 49. gxf4 Rxb2 50. Kf3 Rxe2 51. Kxe2 Rb3 52. h4 h5 53. f5 Rd3 54. Rg6+ Kf7 55. Rh6 d4 56. Rxh5 Re3+ 57. Kf2 Kf6 58. Rh6+ Kxf5 59. Rc6 c3 60. h5 Rh3 61. Kg2 Rxh5 62. Rc5+ Kg4 63. Rc4 Rd5 64. Kf2 Kf4 65. Ke2 Ke4 66. Rc8 d3+ 67. Kd1 Kd4 68. Ra8 Rb5 69. Rd8+ Kc4 70. Rc8+ Kb3 71. Rd8 Kb2 72. Rc8 Rh5 0-1

[Event "Guelph op"]
[Site "Guelph CAN"]
[Date "2005.07.29"]
[Round "4"]
[White "Ochkoos, Jura"]
[Black "Ganguly, Surya Shekhar"]
[Result "1-0"]
[WhiteElo "2275"]
[BlackElo "2596"]
[PlyCount "111"]
[GameId "2160767910900920"]
[EventDate "2005.07.28"]
[EventType "swiss"]
[EventRounds "9"]
[EventCountry "CAN"]
[SourceTitle "CBM 107 Extra"]
[Source "ChessBase"]
[SourceDate "2005.09.01"]
[SourceVersion "1"]
[SourceVersionDate "2005.09.01"]
[SourceQuality "1"]

1. e4 e5 2. Nf3 Nc6 3. Bb5 a6 4. Ba4 Nf6 5. O-O b5 6. Bb3 Bc5 7. d3 d6 8. c3 O-O 9. Be3 Bb6 10. Nbd2 Rb8 11. Re1 Ne7 12. Nf1 Ng6 13. h3 c6 14. Ng3 Bxe3 15. Rxe3 c5 16. Re1 h6 17. Qd2 Qc7 18. Nh2 a5 19. Bd1 d5 20. Bg4 Rd8 21. Bxc8 Rbxc8 22. Qc2 Qb6 23. Rad1 d4 24. Nf3 Qe6 25. a4 Rb8 26. axb5 Rxb5 27. Nd2 Nf4 28. Nc4 N6h5 29. cxd4 cxd4 30. Kh2 Rc5 31. Nxh5 Nxh5 32. g3 f5 33. Qe2 Nf6 34. f3 Rb8 35. Rd2 fxe4 36. fxe4 Rb3 37. Qd1 a4 38. Rf2 Qc6 39. Qe2 Rxc4 40. dxc4 Re3 41. Qf1 Rxe1 42. Qxe1 Qxc4 43. Qa5 Kh7 44. Qxe5 d3 45. Qf5+ Kh8 46. e5 Ne4 47. e6 Nxf2 48. e7 Ng4+ 49. hxg4 Qc2+ 50. Kh3 Qc6 51. Kh2 Qc2+ 52. Kg1 Qc1+ 53. Kg2 Qc2+ 54. Qf2 d2 55. e8=Q+ Kh7 56. Qee2 1-0

[Event "Guelph op"]
[Site "Guelph CAN"]
[Date "2005.07.29"]
[Round "4"]
[White "Patterson, Roger"]
[Black "Aronov, Yuri"]
[Result "0-1"]
[WhiteElo "2179"]
[BlackElo "2220"]
[PlyCount "76"]
[GameId "2160767910900921"]
[EventDate "2005.07.28"]
[EventType "swiss"]
[EventRounds "9"]
[EventCountry "CAN"]
[SourceTitle "CBM 107 Extra"]
[Source "ChessBase"]
[SourceDate "2005.09.01"]
[SourceVersion "1"]
[SourceVersionDate "2005.09.01"]
[SourceQuality "1"]

1. e4 d6 2. d4 Nf6 3. Nc3 g6 4. f4 Bg7 5. Nf3 c5 6. dxc5 Qa5 7. Bd3 Qxc5 8. Qe2 Nc6 9. Be3 Qa5 10. O-O Bg4 11. h3 Bxf3 12. Qxf3 O-O 13. a3 Rac8 14. g4 Nd7 15. Bd2 Qd8 16. Kg2 Nc5 17. Rad1 Nxd3 18. cxd3 Qb6 19. Bc1 Qb3 20. Qe2 Nd4 21. Qf2 e6 22. Be3 Nc2 23. Rd2 Nxe3+ 24. Qxe3 Bxc3 25. bxc3 Qxc3 26. f5 exf5 27. gxf5 Kh8 28. f6 Rg8 29. Rff2 g5 30. Rc2 Qxa3 31. Ra2 Qc3 32. Rxa7 g4 33. Rxb7 gxh3+ 34. Kxh3 Rc5 35. Rf5 Rxf5 36. exf5 Qxf6 37. Rb5 Rg5 38. Qf4 Qh6+ 0-1

[Event "Guelph op"]
[Site "Guelph CAN"]
[Date "2005.07.29"]
[Round "4"]
[White "Plotkin, Victor"]
[Black "Predescu, Sebastian"]
[Result "1/2-1/2"]
[WhiteElo "2192"]
[BlackElo "2235"]
[PlyCount "128"]
[GameId "2160767910900922"]
[EventDate "2005.07.28"]
[EventType "swiss"]
[EventRounds "9"]
[EventCountry "CAN"]
[SourceTitle "CBM 107 Extra"]
[Source "ChessBase"]
[SourceDate "2005.09.01"]
[SourceVersion "1"]
[SourceVersionDate "2005.09.01"]
[SourceQuality "1"]

1. e4 c5 2. c3 Nf6 3. e5 Nd5 4. d4 cxd4 5. Nf3 e6 6. cxd4 d6 7. Bc4 Nc6 8. O-O Be7 9. exd6 Qxd6 10. Nc3 Nxc3 11. bxc3 O-O 12. Bb3 b6 13. Qd3 Bb7 14. Bc2 g6 15. Re1 Rfd8 16. Ng5 Bxg5 17. Bxg5 Ne7 18. Qh3 Rd7 19. Re3 Nd5 20. Re4 f5 21. Re5 Rc8 22. Bd2 Ba6 23. Rae1 Re7 24. Qg3 Qd7 25. h4 Bc4 26. h5 Kf7 27. Qh4 Rg8 28. a3 Ree8 29. h6 Qe7 30. Qxe7+ Rxe7 31. f3 Rc8 32. g4 Ree8 33. Kf2 Nf6 34. Rg1 Rg8 35. Ba4 a6 36. g5 b5 37. Bc2 Nd7 38. Ree1 Nb6 39. Ra1 Bd5 40. Rgb1 Nc4 41. Be1 Nd6 42. a4 Ra8 43. axb5 axb5 44. Bd2 Rgc8 45. Bd3 Ba2 46. Rb4 Ke7 47. Bxb5 Nxb5 48. Rxb5 Bd5 49. Rba5 Rxa5 50. Rxa5 Ra8 51. Rc5 Kd7 52. Bf4 Rc8 53. Ra5 Ra8 54. Rc5 Rc8 55. Ke3 Rxc5 56. dxc5 e5 57. Bxe5 Ke6 58. f4 Bg2 59. Kd4 Bc6 60. Kc4 Be8 61. Bd6 Bc6 62. Kb4 Kd7 63. Ka5 Bd5 64. Kb6 Bc6 1/2-1/2